Linie lotnicze Europy A-Z - Statystyki

Ogólne statystyki
  • Ten quiz został rozwiązany 17 razy
  • Średni wynik to 12 z 36
Statystyki odpowiedzi
Państwo Litera Linia lotnicza % Poprawnych
Polska L LOT
75%
Niemcy L Lufthansa
75%
Turcja T Turkish Airlines
67%
Francja A Air France
58%
Irlandia R Ryanair
58%
Węgry W Wizz Air
58%
Finlandia F Finnair
50%
Holandia K KLM Royale Dutch Airlines
50%
Szwajcaria S Swiss
50%
Albania A Air Albania
42%
Austria A Austrian Airlines
42%
Hiszpania I Iberia
42%
Islandia I Icelandair
42%
Grecja A Aegean Airlines
33%
Łotwa A AirBaltic
33%
Bułgaria B Bulgaria Air
33%
Chorwacja C Croatia Airlines
33%
Wielka Brytania E Easy Jet
33%
Norwegia N Norwegian Air Shuttle
33%
Rosja A Aerofłot
25%
Belgia B Brussels Airlines
25%
Luksemburg L Luxair
25%
Malta M Malta Air
25%
Szwecja S SAS Scancinavian Airlines
25%
Czechy S Smartwings
25%
Portugalia T TAP Air Portugal
25%
Rumunia T TAROM
25%
Kazachstan A Air Astana
17%
Serbia A Air Serbia
17%
Włochy I ITA Airways
17%
Dania S SAS Scandinavian Airlines
17%
Słowacja A AirExplore
8%
Czarnogóra A Air Montenegro
8%
Białoruś B Belavia Belarusian Airlines
8%
Kosowo K Kosova Airlines
8%
Mołdawia F FlyOne
0%
Nie znaleziono quizów pasujących do podanych kryteriów
Rozkład punktacji
Procent ludzi z każdym wynikiem
Percentyl według liczby udzielonych odpowiedzi
Twoja historia wyników
Nie rozwiązałeś tego quizu